01727cam a2200277 450000500170000000800410001702000210005802000210007902000210010002000210012102000210014202000210016302000210018402000210020502000210022602000210024705000210026810000300028924500540031925000110037326000460038430000190043050400270044950509350047665000380141120251014130814.0251014b ag |||||||| |||| 00| 0 spa d a9501402894 (o.c) a9501402908 (v.1) a9501403033 (v.2) a9501403491 (v.3) a9501403882 (v.4) a9501404293 (v.5) a9501404617 (v.6) a9501404986 (v.7) a9501405249 (v.8) a9501405303 (v.9)04aKHA250bG38 19861 aGattari, Carlos Nicolás 0aPráctica notarial c / Carlos Nicolás Gattari a1a ed. aBuenos Aires :bEdiciones Depalma, c1986 a9 v. ;c24 cm. aIncluye bibliografía tV.1 compraventa I-A, Modelos de escrituras, Comparecencia, Declaraciones de los sujetos negociales --tV.2 compraventa I-B, Constancias notariales, Instrumento notarial --tV.3 Poder irrevocable, Bien de familia, Actos previos a la escrituras, El porque de lo notarial --tV.4 Donación, Dación en pago, El notario, creador de derecho --tV.5 Certificación de formas, Confirmación y ratificación, Usufructo, Instrumento notarial y documento administrativo --tV.6 Los menores en el instrumento notarial, Expedición de copias, Valores de la escritura pública --tV.7 Actos de subsanación, Actos postescriturarios, Renta vitalicia, Distracto, Los certificados registrales, La imparcialidad del notarior / (con la colaboración de Juan Alberto Gardey) --tV.8 Escrituras judiciales y conexas con juicios, Tracto abreviado, Asesoramiento notarial --tV.9 Hipotecas, Buques y aeronaves, Secreto profesional y notarial. 72lembaDerecho notarialxArgentina